Návrh a vytvorenie webovej aplikácie ako učebnej pomôcky pre predmet Matematika 3
Na minha lista:
| Autor principal: | |
|---|---|
| Outros Autores: | |
| Formato: | Manuscrito Livro |
| Idioma: | eslovaco |
| Publicado em: |
Bratislava :
STU v Bratislave FEI,
2023
|
| Assuntos: | |
| Acesso em linha: | https://opac.crzp.sk/?fn=detailBiblioFormChildWJ71D&sid=925BFB95FAA30F229F9BCC019F0C&seo=CRZP-detail-kniha https://opac.crzp.sk/?fn=detailBiblioForm&sid=925BFB95FAA30F229F9BCC019F0C |
| Tags: |
Sem tags, seja o primeiro a adicionar uma tag!
|
MARC
| LEADER | 00000ntm a22000003a 4500 | ||
|---|---|---|---|
| 001 | stuzp92792 | ||
| 003 | SK-STU | ||
| 005 | 20241111124155.1 | ||
| 007 | ta | ||
| 008 | 150427s2015----xo-----f-mn---000-0-slo-d | ||
| 040 | |a STU |b slo | ||
| 041 | 0 | |a slo | |
| 044 | |a xo | ||
| 100 | 1 | |a Chrappa, Jakub |u 010220 |4 aut |U SvF Stavebná fakulta |T SvF Katedra matematiky a deskriptívnej geometrie |X 111286 |U V220 |Y 23 |7 111286 | |
| 242 | 0 | 1 | |a Design and creation of a web application as a teaching tool for the Mathematics 3 |y eng |
| 245 | 1 | 0 | |a Návrh a vytvorenie webovej aplikácie ako učebnej pomôcky pre predmet Matematika 3 |
| 260 | |a Bratislava : |b STU v Bratislave FEI, |c 2023 | ||
| 300 | |a 48 s., príl. | ||
| 650 | 4 | |a JavaScript |2 slo | |
| 650 | 4 | |a CSS |2 slo | |
| 650 | 4 | |a nekonečné rady |2 slo | |
| 650 | 4 | |a dvojné integrály |2 slo | |
| 650 | 4 | |a HTML |2 slo | |
| 650 | 4 | |a JSON dátová štruktúra |2 slo | |
| 650 | 4 | |a elementárne oblasti |2 slo | |
| 650 | 4 | |a LaTeX |2 slo | |
| 650 | 4 | |a HTML |2 eng | |
| 650 | 4 | |a JavaScript |2 eng | |
| 650 | 4 | |a CSS |2 eng | |
| 650 | 4 | |a infinite series |2 eng | |
| 650 | 4 | |a double integrals |2 eng | |
| 650 | 4 | |a JSON data structure |2 eng | |
| 650 | 4 | |a elementary regions |2 eng | |
| 650 | 4 | |a LaTeX |2 eng | |
| 700 | 1 | |a Minarechová, Zuzana |u 010220 |k Z1 |4 ths |U SvF Stavebná fakulta |T SvF Katedra matematiky a deskriptívnej geometrie |X 10047 |U V220 |Y 23 |7 A000010047 | |
| 856 | 4 | |u https://opac.crzp.sk/?fn=detailBiblioFormChildWJ71D&sid=925BFB95FAA30F229F9BCC019F0C&seo=CRZP-detail-kniha | |
| 856 | 4 | |u https://opac.crzp.sk/?fn=detailBiblioForm&sid=925BFB95FAA30F229F9BCC019F0C | |